01263nam a2200313Ia 4500001001200000003000800012006001900020007001500039008004100054020002200095020002500117040002100142035002100163050002800184100002800212245010400240246001700344260004600361300001600407504006200423533015200485600002700637610004300664650005300707655002900760710001700789856012600806999001700932ebr10231649CaPaEBRm u cr cn|||||||||071008s2008 enk sb 001 0 eng d z1845116135 (pbk.) z9781845116132 (pbk.) aCaPaEBRcCaPaEBR a(OCoLC)29058247214aHE8700.9.G7bH63 2008eb1 aHobson, Dorothy,d1942-10aChannel 4h[electronic resource] :bthe early years and the Jeremy Isaacs legacy /cDorothy Hobson.3 aChannel Four aLondon ;aNew York :bI.B. Tauris,c2008. axii, 217 p. aIncludes bibliographical references (p. [209]) and index. aElectronic reproduction.bPalo Alto, Calif. :cebrary,d2008.nAvailable via World Wide Web.nAccess may be limited to ebrary affiliated libraries.10aIsaacs, Jeremy,d1932-20aChannel Four (Great Britain)xHistory. 0aTelevision broadcastingzGreat BritainxHistory. 7aElectronic books.2local2 aebrary, Inc.40uhttp://site.ebrary.com/lib/rucke/Doc?id=10231649zAn electronic book accessible through the World Wide Web; click to view c25680d25680